000 00510nam a2200217Ia 4500
003 0100
008 130227s9999 xx 000 0 und d
040 _cARRUPELIB
050 _aDC251.G54
100 _aGildea, Robert
245 _aChildren of the revolution
245 _bthe French, 1799-1914
260 _aLondon
260 _bPenguin
260 _C2008
300 _a540p.
300 _b 23 cm
440 _aThe new penguin history of France
650 _bSculpture- Zimbabwe
942 _2lcc
_01
999 _c626
_d626